VPLYV OBSAHU A FORIEM VÄZBY VÁPNIKA PRI VÝROBE SYROV

Bibliographic Details
Main Authors: Herian, Karol, 1942-2025 (Author), Görner, Fridrich, 1921-2006 (Author)
Format: Article
Language:Slovak

MARC

LEADER 00000nab a2200000 a 4500
001 vtls010717583
003 SK-MaSNL
005 20260305001826.0
008 250709s2000 xo |||||||||||||||||slo|
035 |a (urnnbn)urn:nbn:sk:snk:ar-a04ocl 
035 |a (uuid)f46548d3-9247-4048-b834-d855089d4d4b 
035 |a urn:nbn:sk:snk-ab3jbf 
040 |a SNKBUCL  |b slo  |c SNKBUCL  |e AACR2 
041 0 |a slo 
044 |a xo  |c SK 
100 1 |a Herian, Karol,  |d 1942-2025  |4 aut  |9 188511 
245 1 0 |a VPLYV OBSAHU A FORIEM VÄZBY VÁPNIKA PRI VÝROBE SYROV  |c K. Herian, F. Görner 
700 1 |a Görner, Fridrich,  |d 1921-2006  |4 aut  |9 37281 
773 0 |t Mliekarstvo : bulletin pre internú potrebu výrobcov a spracovateľov mlieka  |g Roč. 31, č. 3 (2000), s. 30-32 
850 |a Slovenská národná knižnica 
852 |a Slovenská národná knižnica 
954 |a odborná, vedecká literatúra pôvodná (slovenská)  |2 lita 
958 |a article1 
958 |a OND 
958 |a EUIPO 
999 |c 3221508  |d 3223438